000 01507nam a22002897a 4500
001 87783
003 UA-OsUOA
005 20260507162806.0
007 ta
008 20120925b un ||un ao||| 00| 0 ukr dukr d
020 _a5770792256
040 _aUA-OsUOA
_bukr
_cUA-OsUOA
_dUA-OsUOA
041 _aukr
080 _a94(560)
090 _a94(560)
_bК82
100 _aКримський А.
_922492
110 _aІнститут сходознавства ім. А. Кримського Національної академії наук України
_925198
245 _aІсторія Туреччини
_cвступ. стаття Омеляна Пріцака
260 _aКиїв
_aЛьвів
_bОЛІР
_c1996
300 _a288 с.
520 _aУ книзі видатного українського сходознавця, академіка Агатангела Кримського (1871-1942), що й нині є значним внеском в сходознавчу історіографію, висвітлено цікаві сторінки історії Османської імперії XV - XVI ст. - доби її блискучого розквіту. В нове видання увійшов як додаток розділ "Європейські джерела ХVI в."
650 7 _a94 Історія загалом
_2UDC
_940
700 1 _aПріцак О.
_922937
942 _cBK
_2udc
955 _a1
999 _c374084
_d374084